[Event "Mundial Juvenil 2005 s12"]
[Site "Belfort FRA"]
[Date "2005.07.20"]
[Round "2.14"]
[White "Alvarez-Navarro, Martin"]
[Black "Nyzhnyk, Illya"]
[Result "0-1"]
[WhiteElo "1599"]
[BlackElo "2131"]
[PlyCount "68"]
[EventDate "2005.07.19"]
[EventType "swiss"]
[EventRounds "11"]
[EventCountry "FRA"]
[Source "lmi"]
[SourceDate "2005.07.31"]

1. e4 c5 2. Nf3 d6 3. d4 cxd4 4. Nxd4 Nf6 5. Nc3 g6 6. Be3 Bg7 7. f3 O-O 8. Qd2
a6 9. O-O-O Qc7 10. h4 h5 11. Bh6 Nc6 12. Bxg7 Kxg7 13. Be2 Rd8 14. g4 e5 15.
Nxc6 bxc6 16. g5 Ne8 17. Bc4 Be6 18. Bxe6 fxe6 19. f4 d5 20. exd5 cxd5 21. fxe5
d4 22. Ne4 Qxe5 23. Rde1 Qc7 24. Nf6 e5 25. Rhf1 Nd6 26. Nd5 Qc4 27. Nb6 Qxa2
28. Qh2 Qa1+ 29. Kd2 Qa5+ 30. Kc1 Rf8 31. Kb1 Rae8 32. Nd7 Nc4 33. Nf6 Rb8 34.
b3 Qc3 0-1

[Event "Mundial Juvenil 2005 s12"]
[Site "Belfort FRA"]
[Date "2005.07.20"]
[Round "2.15"]
[White "Mohammad, Saeed Ishaq"]
[Black "Rahimov, Rahmatjon"]
[Result "1/2-1/2"]
[WhiteElo "2120"]
[BlackElo "1599"]
[PlyCount "78"]
[EventDate "2005.07.19"]
[EventType "swiss"]
[EventRounds "11"]
[EventCountry "FRA"]
[Source "lmi"]
[SourceDate "2005.07.31"]

1. d4 Nf6 2. Nf3 e6 3. Bg5 Be7 4. Nbd2 d5 5. e3 Nbd7 6. Bd3 c5 7. c3 b6 8. O-O
O-O 9. Ne5 Nxe5 10. dxe5 Nd7 11. Bxe7 Qxe7 12. f4 f5 13. exf6 Nxf6 14. e4 dxe4
15. Nxe4 Nxe4 16. Bxe4 Bb7 17. Bxb7 Qxb7 18. Qg4 Qf7 19. Rae1 Rae8 20. Re5 Re7
21. g3 g6 22. Rfe1 Rfe8 23. h4 Kh8 24. Kg2 h5 25. Qg5 Rg8 26. Rxe6 Rxe6 27.
Rxe6 Rg7 28. Rf6 Qe8 29. Kh3 Qe4 30. Kh2 Qe2+ 31. Kg1 Qe1+ 32. Kg2 Qe2+ 33. Kh1
Qf1+ 34. Kh2 Qf2+ 35. Kh3 Qf1+ 36. Kh2 Qf2+ 37. Kh1 Qf1+ 38. Kh2 Qf2+ 39. Kh3
Qf1+ 1/2-1/2

[Event "Mundial Juvenil 2005 s12"]
[Site "Belfort FRA"]
[Date "2005.07.20"]
[Round "2.17"]
[White "Dilanian, Grigor"]
[Black "Petenyi, Tamas"]
[Result "1-0"]
[WhiteElo "1599"]
[BlackElo "2056"]
[PlyCount "101"]
[EventDate "2005.07.19"]
[EventType "swiss"]
[EventRounds "11"]
[EventCountry "FRA"]
[Source "lmi"]
[SourceDate "2005.07.31"]

1. d4 Nf6 2. Nf3 c5 3. c3 cxd4 4. cxd4 d6 5. g3 g6 6. Bg2 Bg7 7. Nc3 O-O 8. O-O
Nc6 9. e4 Bg4 10. Be3 Nd7 11. h3 Bxf3 12. Bxf3 e5 13. Nb5 exd4 14. Nxd4 Qf6 15.
Nb5 Qxb2 16. Rb1 Qf6 17. Nc7 Rac8 18. Nd5 Qe6 19. Bg4 f5 20. exf5 gxf5 21. Nf4
Qxa2 22. Bf3 Nf6 23. Rxb7 Ne5 24. Rxa7 Qc2 25. Bd5+ Kh8 26. Be6 Qxd1 27. Rxd1
Rc6 28. Bxf5 Rf7 29. Ra8+ Rf8 30. Rxf8+ Bxf8 31. Ne6 Be7 32. Rb1 Kg8 33. Rb7
Ned7 34. Nd4 Rb6 35. Rxd7 Nxd7 36. Bxd7 Rb4 37. Kg2 Bf8 38. Be6+ Kg7 39. Kf3
Be7 40. Ke4 Kf6 41. h4 Kg6 42. Bf5+ Kg7 43. Kd5 Rb7 44. Bc8 Rb8 45. Nc6 Rxc8
46. Nxe7 Rd8 47. Nf5+ Kg6 48. Nxd6 h5 49. Ke6 Rf8 50. f4 Rf6+ 51. Ke7 1-0

[Event "Mundial Juvenil 2005 s12"]
[Site "Belfort FRA"]
[Date "2005.07.20"]
[Round "2.18"]
[White "Kociscak, Jiri"]
[Black "Tilicheev, Vlacheslav"]
[Result "1-0"]
[WhiteElo "2052"]
[BlackElo "1599"]
[PlyCount "115"]
[EventDate "2005.07.19"]
[EventType "swiss"]
[EventRounds "11"]
[EventCountry "FRA"]
[Source "lmi"]
[SourceDate "2005.07.31"]

1. d4 Nf6 2. c4 g6 3. Nc3 Bg7 4. Nf3 O-O 5. g3 d6 6. Bg2 Nc6 7. O-O a6 8. h3
Rb8 9. Qc2 Bd7 10. e4 e5 11. d5 Nd4 12. Nxd4 exd4 13. Ne2 b5 14. Rd1 bxc4 15.
Nxd4 Re8 16. f3 Nh5 17. g4 Nf6 18. Bf1 Qe7 19. Bxc4 h5 20. Qg2 hxg4 21. hxg4
Qe5 22. Be3 Nh7 23. g5 a5 24. b3 a4 25. Rac1 axb3 26. Bxb3 Rb7 27. Rc4 f5 28.
Nc6 Bxc6 29. dxc6 Rxb3 30. axb3 Qb5 31. Qc2 fxe4 32. Rxe4 Rxe4 33. Qxe4 Nxg5
34. Bxg5 Qxg5+ 35. Kf2 Be5 36. Qg4 Qh6 37. Qc8+ Kf7 38. Qxc7+ Kf8 39. Qc8+ Kf7
40. Qd7+ Kf8 41. Qg4 Qh2+ 42. Qg2 Qf4 43. Qh3 d5 44. Qc8+ Kf7 45. Qd7+ Kf8 46.
Qd8+ Kg7 47. Qe7+ Kg8 48. Qd8+ Kg7 49. Qd7+ Kf8 50. Qxd5 Qh2+ 51. Ke3 Qf4+ 52.
Ke2 Qh2+ 53. Kd3 Qb2 54. Kc4 Qc2+ 55. Kb5 Bc7 56. Qc5+ Qxc5+ 57. Kxc5 g5 58.
Rd7 1-0

[Event "Mundial Juvenil 2005 s12"]
[Site "Belfort FRA"]
[Date "2005.07.20"]
[Round "2.19"]
[White "Firat, Burak"]
[Black "Salem, A.r. Saleh"]
[Result "1-0"]
[WhiteElo "1599"]
[BlackElo "2044"]
[PlyCount "79"]
[EventDate "2005.07.19"]
[EventType "swiss"]
[EventRounds "11"]
[EventCountry "FRA"]
[Source "lmi"]
[SourceDate "2005.07.31"]

1. d4 d5 2. Nf3 Nf6 3. c4 e6 4. cxd5 exd5 5. Bg5 Be7 6. e3 O-O 7. Nc3 b6 8. Bd3
Bb7 9. O-O Ne4 10. Bxe7 Qxe7 11. Qc2 c5 12. dxc5 bxc5 13. Nd2 Nxd2 14. Qxd2 Rd8
15. Qc2 h6 16. Rfe1 Nc6 17. a3 Ne5 18. f4 Ng4 19. Qd2 Qd6 20. Ne2 Re8 21. Ng3
Qb6 22. h3 Nxe3 23. Rxe3 c4 24. Rae1 cxd3 25. Kh1 Rxe3 26. Rxe3 Ba6 27. Nf5 Qc5
28. b4 Qc4 29. Rg3 Re8 30. Qb2 Re1+ 31. Kh2 d4 32. Rxg7+ Kh8 33. Qf2 Re6 34.
Qg3 Rg6 35. Rxg6 fxg6 36. Qxg6 Qc7 37. Qxh6+ Kg8 38. Qg6+ Kh8 39. Qf6+ Kh7 40.
Ne7 1-0

[Event "Mundial Juvenil 2005 s12"]
[Site "Belfort FRA"]
[Date "2005.07.20"]
[Round "2.20"]
[White "Mai, Lloyd Thu-Truc-Lam"]
[Black "Urkedal, Frode"]
[Result "0-1"]
[WhiteElo "2030"]
[BlackElo "1599"]
[PlyCount "130"]
[EventDate "2005.07.19"]
[EventType "swiss"]
[EventRounds "11"]
[EventCountry "FRA"]
[Source "lmi"]
[SourceDate "2005.07.31"]

1. e4 c5 2. Nf3 d6 3. d4 cxd4 4. Nxd4 Nf6 5. Nc3 g6 6. Be3 Bg7 7. f3 Nc6 8. Qd2
Bd7 9. O-O-O Rc8 10. g4 O-O 11. Nce2 Ne5 12. Ng3 Qc7 13. g5 Ne8 14. f4 Nc4 15.
Bxc4 Qxc4 16. Kb1 Nc7 17. Qd3 Qxd3 18. Rxd3 Nb5 19. Nb3 b6 20. Re1 Be6 21. a4
Nc7 22. Bd4 Na6 23. Bxg7 Bxb3 24. Bc3 Bxa4 25. f5 Nc5 26. Rd2 Rc6 27. h4 b5 28.
h5 Nb7 29. Rh1 Rfc8 30. hxg6 fxg6 31. fxg6 hxg6 32. Rf2 Rxc3 33. bxc3 Rxc3 34.
Rhf1 Rc8 35. e5 b4 36. Ne4 d5 37. Nf6+ exf6 38. gxf6 Nd8 39. f7+ Nxf7 40. Rxf7
Bxc2+ 41. Kb2 a5 42. Rb7 Bf5 43. Rf2 d4 44. Rb5 Ra8 45. Kc1 d3 46. Ra2 b3 47.
Raxa5 Rxa5 48. Rxb3 Rxe5 49. Rb8+ Kh7 50. Rd8 Rc5+ 51. Kd1 Rc7 52. Rd4 Rd7 53.
Rh4+ Kg7 54. Kd2 Kf6 55. Ra4 Ke5 56. Rb4 Rd4 57. Rb5+ Kf4 58. Rb1 Rc4 59. Rf1+
Kg3 60. Rg1+ Kf2 61. Rg5 Rc2+ 62. Kd1 Be4 63. Rg2+ Kxg2 64. Ke1 Kf3 65. Kd1 Ke3
0-1

[Event "Mundial Juvenil 2005 s12"]
[Site "Belfort FRA"]
[Date "2005.07.21"]
[Round "3.2"]
[White "Sjugirov, Sanan"]
[Black "Kociscak, Jiri"]
[Result "1-0"]
[WhiteElo "2358"]
[BlackElo "2052"]
[PlyCount "75"]
[EventDate "2005.07.19"]
[EventType "swiss"]
[EventRounds "11"]
[EventCountry "FRA"]
[Source "lmi"]
[SourceDate "2005.07.31"]

1. e4 c5 2. Nf3 e6 3. d4 cxd4 4. Nxd4 Nf6 5. Nc3 Nc6 6. Nxc6 bxc6 7. e5 Nd5 8.
Ne4 Qc7 9. f4 Qb6 10. c4 Bb4+ 11. Ke2 f5 12. Nf2 Nc7 13. Nd3 Be7 14. Be3 c5 15.
Kf2 O-O 16. Be2 Bb7 17. Bf3 Be4 18. b3 Rad8 19. Qe2 d5 20. exd6 Bxd6 21. Ne5
Na6 22. Rhd1 Nb4 23. Kg1 Bxe5 24. fxe5 Nd3 25. Bg5 Rd4 26. Be7 Ra8 27. Bd6 a5
28. Rf1 Nb4 29. Rfd1 Nd3 30. Bxe4 fxe4 31. Qg4 Re8 32. Rf1 Qc6 33. Qxe6+ Kh8
34. Qf7 h6 35. Bf8 Rxf8 36. Qxf8+ Kh7 37. Qf5+ Kh8 38. e6 1-0

[Event "Mundial Juvenil 2005 s12"]
[Site "Belfort FRA"]
[Date "2005.07.21"]
[Round "3.3"]
[White "Sethuraman, S.p"]
[Black "Zhao, Parker"]
[Result "0-1"]
[WhiteElo "2203"]
[BlackElo "2029"]
[PlyCount "196"]
[EventDate "2005.07.19"]
[EventType "swiss"]
[EventRounds "11"]
[EventCountry "FRA"]
[Source "lmi"]
[SourceDate "2005.07.31"]

1. e4 c5 2. Nf3 e6 3. d4 cxd4 4. Nxd4 a6 5. Bd3 Bc5 6. Nb3 Ba7 7. O-O Nc6 8. c4
d6 9. Nc3 Nge7 10. Qe2 O-O 11. Be3 e5 12. Bxa7 Rxa7 13. Rfd1 Be6 14. Qe3 Qb8
15. Rac1 b5 16. Nd5 f5 17. exf5 Bxd5 18. cxd5 Nxd5 19. Qf3 Nce7 20. Na5 Nf6 21.
Nc6 Nxc6 22. Qxc6 d5 23. Bc2 Kh8 24. Bb3 d4 25. f4 exf4 26. Rxd4 Qe5 27. Qc5
Qe3+ 28. Kh1 Re8 29. Qc3 Qf2 30. Qd2 Qe3 31. h3 Nh5 32. Qxe3 fxe3 33. g4 Ng3+
34. Kg2 Ne2 35. Re4 Raa8 36. Rxe8+ Rxe8 37. Bf7 Rf8 38. Rc7 Nf4+ 39. Kf3 e2 40.
Re7 g5 41. f6 h5 42. Kf2 Nxh3+ 43. Kxe2 hxg4 44. Kf1 Nf4 45. Kf2 b4 46. Kg3 Nd3
47. b3 a5 48. Kg2 Ne1+ 49. Kh2 Nc2 50. Kg3 Ne3 51. Rxe3 Rxf7 52. Re6 Kh7 53.
Kxg4 Kg6 54. Re5 Rxf6 55. Rxg5+ Kf7 56. Rxa5 Ke7 57. Ra7+ Kd8 58. Ra4 Rf2 59.
Kg3 Rc2 60. Ra7 Kc8 61. Kf3 Kb8 62. Ra4 Kc7 63. Ke3 Kc6 64. Kd3 Rh2 65. Ra8 Kd5
66. Rd8+ Kc5 67. Rc8+ Kd5 68. Ra8 Rh3+ 69. Kc2 Rh2+ 70. Kd3 Rh3+ 71. Kd2 Rh2+
72. Ke3 Rh3+ 73. Kf4 Rh4+ 74. Kf5 Rh5+ 75. Kg6 Rh2 76. Ra4 Kc5 77. Kf6 Re2 78.
Ra8 Kd4 79. Rd8+ Kc3 80. Rc8+ Kb2 81. Ra8 Kc3 82. Ra4 Re8 83. Kf5 Re2 84. Kf4
Re8 85. Ra5 Kb2 86. Kf3 Re1 87. Kf2 Ra1 88. Ra4 Rxa2 89. Ke3 Kxb3 90. Rxa2 Kxa2
91. Kd2 b3 92. Kc3 b2 93. Kb4 b1=Q+ 94. Ka4 Qb3+ 95. Ka5 Qb7 96. Ka4 Kb2 97.
Ka5 Kc3 98. Ka4 Qb4# 0-1

[Event "Mundial Juvenil 2005 s12"]
[Site "Belfort FRA"]
[Date "2005.07.21"]
[Round "3.4"]
[White "Kavaliou, Uladzislau"]
[Black "Strzemiecki, Zbigniew"]
[Result "1-0"]
[WhiteElo "2027"]
[BlackElo "2195"]
[PlyCount "73"]
[EventDate "2005.07.19"]
[EventType "swiss"]
[EventRounds "11"]
[EventCountry "FRA"]
[Source "lmi"]
[SourceDate "2005.07.31"]

1. e4 e6 2. d4 d5 3. Nc3 Bb4 4. Bd2 Ne7 5. Qg4 O-O 6. e5 f5 7. Qh4 c5 8. a3
Bxc3 9. bxc3 cxd4 10. cxd4 Nbc6 11. Nf3 Qe8 12. Be2 h6 13. O-O Bd7 14. c3 Na5
15. Qg3 Kh7 16. Rab1 b6 17. Qh3 Kg8 18. Qg3 Qg6 19. Qh4 Nec6 20. Ne1 Nc4 21.
Bc1 Qh7 22. f4 Kh8 23. Rf3 Rac8 24. Rh3 b5 25. Nf3 Rb8 26. Ng5 Qg8 27. Bh5 Ne7
28. Nf3 Nc6 29. Bg6 Be8 30. Bxe8 Rfxe8 31. Ng5 Ne7 32. Qh5 Rf8 33. a4 a6 34.
axb5 axb5 35. Ra1 b4 36. Ra7 Nc6 37. Qxh6+ 1-0

[Event "Mundial Juvenil 2005 s12"]
[Site "Belfort FRA"]
[Date "2005.07.21"]
[Round "3.6"]
[White "Hou, Yifan"]
[Black "Dilanian, Grigor"]
[Result "1-0"]
[WhiteElo "2158"]
[BlackElo "1599"]
[PlyCount "153"]
[EventDate "2005.07.19"]
[EventType "swiss"]
[EventRounds "11"]
[EventCountry "FRA"]
[Source "lmi"]
[SourceDate "2005.07.31"]

1. e4 c5 2. Nf3 d6 3. d4 cxd4 4. Nxd4 Nf6 5. Nc3 a6 6. Be2 e5 7. Nb3 Be6 8. f4
Qc7 9. g4 exf4 10. g5 Nfd7 11. Bxf4 Nc6 12. Qd2 Be7 13. O-O-O Nce5 14. Nd4 g6
15. h4 O-O-O 16. Nd5 Bxd5 17. exd5 Nb6 18. Rh3 Kb8 19. Rc3 Qd7 20. Rb3 Qc7 21.
Qa5 Nbd7 22. Bxe5 Qxa5 23. Nc6+ Ka8 24. Nxa5 Nxe5 25. Rxb7 Rd7 26. Rxd7 Nxd7
27. Bxa6 Nb8 28. Bb5 h6 29. Rf1 Rf8 30. Rf3 Ka7 31. Re3 Bd8 32. Nc4 hxg5 33.
Ra3+ Kb7 34. Nxd6+ Kb6 35. Rb3 gxh4 36. Bc6+ Kc5 37. Nb7+ Kd4 38. Rb4+ Ke5 39.
Nxd8 Rxd8 40. Rxh4 Nxc6 41. dxc6 f5 42. c7 Rc8 43. Rh7 f4 44. Kd2 g5 45. Ke2 g4
46. Rg7 f3+ 47. Kf2 Kf4 48. Rf7+ Ke4 49. Rd7 Kf4 50. Rd4+ Kf5 51. Rc4 Ke5 52.
b4 Kd5 53. Rxg4 Rxc7 54. c4+ Ke5 55. Kxf3 Ra7 56. Re4+ Kd6 57. Re2 Ra4 58. Rb2
Ke5 59. Ke3 Ra3+ 60. Kd2 Kd4 61. Rc2 Ra4 62. b5 Rb4 63. a3 Rb3 64. a4 Kc5 65.
a5 Ra3 66. a6 Rg3 67. Rc3 Rg2+ 68. Kc1 Rg1+ 69. Kb2 Rg2+ 70. Kb3 Rg1 71. Ka4
Rg7 72. Ka5 Rg2 73. Ra3 Rg7 74. b6 Kc6 75. a7 Kb7 76. c5 Ka8 77. Rf3 1-0

[Event "Mundial Juvenil 2005 s12"]
[Site "Belfort FRA"]
[Date "2005.07.21"]
[Round "3.7"]
[White "Shahin, Koohestani M.abad"]
[Black "Mihok, Oliver"]
[Result "0-1"]
[WhiteElo "2012"]
[BlackElo "2157"]
[PlyCount "108"]
[EventDate "2005.07.19"]
[EventType "swiss"]
[EventRounds "11"]
[EventCountry "FRA"]
[Source "lmi"]
[SourceDate "2005.07.31"]

1. d4 Nf6 2. Nf3 d5 3. c4 dxc4 4. Qa4+ Nbd7 5. Nc3 c6 6. Qxc4 Nb6 7. Qd3 e6 8.
Bg5 Be7 9. e3 O-O 10. Be2 h6 11. Bh4 Nbd5 12. O-O b6 13. Rac1 Bb7 14. Ne5 c5
15. dxc5 Nxc3 16. bxc3 Bxc5 17. Rfd1 Qxd3 18. Bxd3 g5 19. Bg3 Rfd8 20. Bb5 Ne4
21. Rd7 Rxd7 22. Nxd7 Ba3 23. Rc2 a6 24. Be2 Rd8 25. Ne5 Nxg3 26. hxg3 Be4 27.
Bd3 Rxd3 28. Nxd3 Bxd3 29. Rd2 Bc4 30. f3 Bc5 31. Kf2 Kg7 32. g4 a5 33. g3 a4
34. f4 a3 35. Kf3 Kf6 36. e4 b5 37. Rh2 Ke7 38. Rd2 Bb6 39. Rd1 Ba5 40. Rc1 Kd6
41. Rc2 Kc5 42. Ke3 f6 43. Kd2 Bc7 44. Ke3 b4 45. cxb4+ Kxb4 46. Rd2 Kc3 47.
Rh2 Bb6+ 48. Kf3 Bd4 49. f5 exf5 50. gxf5 Be5 51. Kg4 Bxa2 52. Rxa2 Kb3 53. Re2
a2 54. Re3+ Kc4 0-1

[Event "Mundial Juvenil 2005 s12"]
[Site "Belfort FRA"]
[Date "2005.07.21"]
[Round "3.8"]
[White "Christer, Jon Aplin"]
[Black "Rajesh, V A V."]
[Result "0-1"]
[WhiteElo "1947"]
[BlackElo "2157"]
[PlyCount "68"]
[EventDate "2005.07.19"]
[EventType "swiss"]
[EventRounds "11"]
[EventCountry "FRA"]
[Source "lmi"]
[SourceDate "2005.07.31"]

1. e4 e6 2. d4 g6 3. Nf3 Bg7 4. c4 Ne7 5. Nc3 d5 6. Bg5 f6 7. Bh4 dxe4 8. Nxe4
O-O 9. Be2 g5 10. Bg3 g4 11. Nfd2 f5 12. Nc3 Bxd4 13. Qc2 Ng6 14. f4 h5 15.
O-O-O h4 16. Nb3 Be3+ 17. Kb1 Qf6 18. Rd3 Bxf4 19. Bf2 Nc6 20. Bc5 Re8 21. g3
b6 22. Ba3 Be5 23. Rf1 Qg7 24. Rfd1 Bxc3 25. Rxc3 e5 26. c5 Nd4 27. Nxd4 exd4
28. Bc4+ Kh8 29. Rcd3 Rd8 30. Qg2 Rb8 31. c6 f4 32. Qe4 Qf6 33. b3 Bf5 34. Qe2
b5 0-1

[Event "Mundial Juvenil 2005 s12"]
[Site "Belfort FRA"]
[Date "2005.07.21"]
[Round "3.9"]
[White "Firat, Burak"]
[Black "Ter Sahakyan, Samvel"]
[Result "0-1"]
[WhiteElo "1599"]
[BlackElo "2140"]
[PlyCount "114"]
[EventDate "2005.07.19"]
[EventType "swiss"]
[EventRounds "11"]
[EventCountry "FRA"]
[Source "lmi"]
[SourceDate "2005.07.31"]

1. e4 c5 2. Nf3 d6 3. d4 cxd4 4. Nxd4 Nf6 5. Nc3 a6 6. Bg5 e6 7. f4 Be7 8. Qd2
Qc7 9. f5 h6 10. Be3 Ng4 11. fxe6 fxe6 12. Be2 Nf6 13. O-O Nc6 14. Bc4 Nxd4 15.
Qxd4 Bd7 16. a4 O-O 17. Rad1 Kh8 18. Be2 Bc6 19. Bf3 b5 20. axb5 axb5 21. Qb4
Rab8 22. Ra1 Rb7 23. Ra6 Re8 24. Qb3 b4 25. Ne2 Bb5 26. Raa1 Bc4 27. Qa4 Rc8
28. Rfc1 d5 29. exd5 Nxd5 30. Bxd5 Bxd5 31. c4 Bc6 32. Qc2 Qe5 33. Bf4 Qc5+ 34.
Kh1 Qf2 35. Rg1 b3 36. Qd3 Bf6 37. Be3 Qh4 38. Nf4 Qg4 39. Qd2 Rd7 40. Qf2 Kg8
41. h3 Qf5 42. Rgf1 Be5 43. Ra5 Rf8 44. Qh4 g5 45. Qxh6 Rh7 46. Qxf8+ Qxf8 47.
Rxe5 gxf4 48. Rxf4 Qd8 49. Rg4+ Rg7 50. Bg5 Qd1+ 51. Kh2 Qd6 52. Bf4 Rxg4 53.
hxg4 Qd4 54. Rg5+ Kf7 55. Be5 Qd2 56. Rg7+ Kf8 57. Kh3 Qe3+ 0-1

[Event "Mundial Juvenil 2005 s12"]
[Site "Belfort FRA"]
[Date "2005.07.21"]
[Round "3.10"]
[White "Ospanov, Nazar"]
[Black "Swiercz, Dariusz"]
[Result "1-0"]
[WhiteElo "1599"]
[BlackElo "2138"]
[PlyCount "117"]
[EventDate "2005.07.19"]
[EventType "swiss"]
[EventRounds "11"]
[EventCountry "FRA"]
[Source "lmi"]
[SourceDate "2005.07.31"]

1. e4 c5 2. Nf3 e6 3. d4 cxd4 4. Nxd4 a6 5. Nc3 b5 6. a3 Bb7 7. Be3 Qc7 8. Bd3
Nf6 9. O-O d6 10. Re1 Nbd7 11. f4 Be7 12. Qf3 Nc5 13. Bf2 O-O 14. Nb3 Nfd7 15.
Qg3 Bf6 16. Kh1 g6 17. Rac1 Bg7 18. Nd2 Rae8 19. Nf3 Qd8 20. f5 exf5 21. exf5
Nxd3 22. cxd3 Rxe1+ 23. Rxe1 Ne5 24. Nd4 Re8 25. Ne4 Bxe4 26. Rxe4 Qc8 27. fxg6
hxg6 28. Re1 Qa8 29. Nc2 Rc8 30. Nd4 Qd5 31. Qh3 f5 32. Qg3 Ng4 33. Ne6 Rc2 34.
Bg1 Be5 35. Rxe5 dxe5 36. Ng5 Qd8 37. Nf3 Qf6 38. h3 Ne3 39. Nxe5 Nxg2 40. Nd7
Qc6 41. Ne5 Qd6 42. d4 Kg7 43. Qb3 Ne1 44. Qf7+ Kh6 45. Qg8 Rc7 46. Be3+ g5 47.
Qh8+ Rh7 48. Nf7+ Kg6 49. Qxh7+ Kxh7 50. Nxd6 f4 51. Bd2 Nf3 52. Bc3 Kg6 53. d5
Kh5 54. Nc8 g4 55. hxg4+ Kxg4 56. d6 Kg3 57. d7 Nd4 58. Bxd4 f3 59. d8=Q 1-0

[Event "Mundial Juvenil 2005 s12"]
[Site "Belfort FRA"]
[Date "2005.07.21"]
[Round "3.11"]
[White "Javakhadze, Zurab"]
[Black "Sochacki, Christophe"]
[Result "0-1"]
[WhiteElo "2135"]
[BlackElo "1599"]
[PlyCount "74"]
[EventDate "2005.07.19"]
[EventType "swiss"]
[EventRounds "11"]
[EventCountry "FRA"]
[Source "lmi"]
[SourceDate "2005.07.31"]

1. e4 c5 2. Nf3 a6 3. d3 e6 4. g3 b5 5. Bg2 Bb7 6. O-O d6 7. Re1 Nd7 8. Nbd2
Be7 9. Nf1 Ngf6 10. N3d2 Qb6 11. Kh1 h5 12. f4 O-O-O 13. a4 e5 14. axb5 axb5
15. Nb3 Ng4 16. Be3 Ndf6 17. Na5 Kb8 18. Nxb7 Kxb7 19. Bg1 Rh7 20. h3 Rdh8 21.
hxg4 hxg4+ 22. Bh2 exf4 23. Kg1 f3 24. Bxf3 gxf3 25. Qxf3 Nd7 26. g4 g6 27. Bf4
f5 28. Qg3 Qc6 29. Qg2 g5 30. Bd2 f4 31. Bc3 Bf6 32. Bxf6 Nxf6 33. e5 Rh1+ 34.
Kf2 Nxg4+ 35. Qxg4 R1h2+ 36. Nxh2 Rxh2+ 37. Kf1 Qh1+ 0-1

[Event "Mundial Juvenil 2005 s12"]
[Site "Belfort FRA"]
[Date "2005.07.21"]
[Round "3.12"]
[White "Urkedal, Frode"]
[Black "Iermito, Sebastian"]
[Result "0-1"]
[WhiteElo "1599"]
[BlackElo "2134"]
[PlyCount "60"]
[EventDate "2005.07.19"]
[EventType "swiss"]
[EventRounds "11"]
[EventCountry "FRA"]
[Source "lmi"]
[SourceDate "2005.07.31"]

1. e4 c5 2. Nf3 a6 3. d3 e6 4. g3 b5 5. Bg2 Bb7 6. O-O d6 7. Re1 Nd7 8. Nbd2
Be7 9. Nf1 Ngf6 10. N3d2 Qb6 11. Kh1 h5 12. f4 O-O-O 13. a4 e5 14. axb5 axb5
15. Nb3 Ng4 16. Be3 Ndf6 17. Na5 Kb8 18. Nxb7 Qxb7 19. Bg1 Rh7 20. h3 Rdh8 21.
hxg4 hxg4+ 22. Bh2 exf4 23. Kg1 f3 24. Bxf3 gxf3 25. Qxf3 Nd7 26. g4 f6 27. Qf4
f5 28. Bg3 Qc6 29. Kg2 g5 30. Qd2 f4 0-1

[Event "Mundial Juvenil 2005 s12"]
[Site "Belfort FRA"]
[Date "2005.07.21"]
[Round "3.13"]
[White "Nyzhnyk, Illya"]
[Black "Teng, Yinglun"]
[Result "1-0"]
[WhiteElo "2131"]
[BlackElo "1599"]
[PlyCount "122"]
[EventDate "2005.07.19"]
[EventType "swiss"]
[EventRounds "11"]
[EventCountry "FRA"]
[Source "lmi"]
[SourceDate "2005.07.31"]

1. c4 Nf6 2. Nc3 e5 3. g3 Bb4 4. Bg2 Nc6 5. e3 O-O 6. Nge2 a6 7. O-O d6 8. d4
exd4 9. exd4 Bg4 10. Be3 Re8 11. Qb3 Bxc3 12. Nxc3 Qc8 13. Rfe1 Bh3 14. Bh1 Ng4
15. Qc2 Nxe3 16. fxe3 Bf5 17. e4 Bg6 18. Qd2 Qd7 19. Rad1 Rad8 20. Re3 f5 21.
Rde1 fxe4 22. Nxe4 Rf8 23. Ng5 Rde8 24. Ne6 Rf6 25. Bd5 Kh8 26. Nf4 Rxe3 27.
Nxg6+ hxg6 28. Rxe3 Qf5 29. Re8+ Rf8 30. Rxf8+ Qxf8 31. Bxc6 bxc6 32. Qf4 Qe7
33. Kf2 Qf6 34. Ke3 Qe7+ 35. Kd2 Kg8 36. b4 Qe6 37. Kc3 Qe1+ 38. Qd2 Qxd2+ 39.
Kxd2 Kf7 40. a4 Ke6 41. a5 Kd7 42. Ke3 d5 43. cxd5 cxd5 44. Kf4 Kc8 45. Ke5 Kd7
46. Kxd5 c6+ 47. Kc5 Kc7 48. d5 cxd5 49. Kxd5 Kd7 50. Kc5 Kc7 51. b5 axb5 52.
Kxb5 Kb7 53. a6+ Ka7 54. Ka5 Kb8 55. Kb6 Ka8 56. Kc6 Ka7 57. Kd6 Kxa6 58. Ke7
Kb6 59. Kf7 Kc5 60. Kxg6 Kd4 61. Kxg7 Ke5 1-0

[Event "Mundial Juvenil 2005 s12"]
[Site "Belfort FRA"]
[Date "2005.07.21"]
[Round "3.14"]
[White "Belsak, Zan"]
[Black "Mohammad, Saeed Ishaq"]
[Result "0-1"]
[WhiteElo "1599"]
[BlackElo "2120"]
[PlyCount "104"]
[EventDate "2005.07.19"]
[EventType "swiss"]
[EventRounds "11"]
[EventCountry "FRA"]
[Source "lmi"]
[SourceDate "2005.07.31"]

1. e4 c6 2. d4 d5 3. e5 Bf5 4. Nc3 e6 5. g4 Bg6 6. Nge2 c5 7. Be3 Nc6 8. Nf4
cxd4 9. Nxg6 dxe3 10. Nxh8 exf2+ 11. Kxf2 Bc5+ 12. Kg3 Nxe5 13. Bb5+ Kf8 14.
Rf1 Nh6 15. h3 Kg8 16. Nxf7 Nhxf7 17. Ne2 Ng6 18. Qd3 a6 19. Ba4 Nfe5 20. Qd2
Qh4+ 21. Kg2 Nxg4 22. Bd7 Ne3+ 23. Kh2 Bd6+ 24. Kg1 Qxh3 25. Nd4 Qg3+ 26. Kh1
Nxf1 27. Bxe6+ Kh8 28. Rxf1 Bf4 29. Qg2 Qh4+ 30. Qh3 Qxh3+ 31. Bxh3 Be5 32. Rd1
Nf4 33. Bg4 h5 34. Bf3 g5 35. Ne2 Nxe2 36. Bxe2 Kg7 37. Rxd5 Kf6 38. c3 g4 39.
Rd7 b5 40. Kg2 Kg5 41. Bd3 Rf8 42. Be2 h4 43. Rd5 h3+ 44. Kg1 Rf5 45. Bd3 Bh2+
46. Kxh2 Rxd5 47. Be4 Re5 48. Bb7 Kh4 49. Kg1 g3 50. Kf1 g2+ 51. Bxg2 hxg2+ 52.
Kxg2 Re2+ 0-1

[Event "Mundial Juvenil 2005 s12"]
[Site "Belfort FRA"]
[Date "2005.07.21"]
[Round "3.15"]
[White "Popilski, Gil"]
[Black "Todorov, Rosen"]
[Result "1-0"]
[WhiteElo "2120"]
[BlackElo "1599"]
[PlyCount "55"]
[EventDate "2005.07.19"]
[EventType "swiss"]
[EventRounds "11"]
[EventCountry "FRA"]
[Source "lmi"]
[SourceDate "2005.07.31"]

1. e4 e5 2. Nf3 Nf6 3. d4 Nxe4 4. Bd3 Nf6 5. dxe5 Nd5 6. Bxh7 Nb6 7. Bd3 d5 8.
exd6 Bxd6 9. Bg5 f6 10. Bg6+ Kf8 11. Be3 Bg4 12. Nc3 Nc4 13. Qd5 Qe7 14. Qxc4
Bxf3 15. gxf3 Nc6 16. Qe4 Ne5 17. O-O-O c6 18. f4 Nxg6 19. Qxg6 b5 20. Ne4 Bb4
21. c3 Ba5 22. Bc5 Re8 23. Bxe7+ Rxe7 24. Nxf6 Rh6 25. Nd7+ Kg8 26. Qf5 Re8 27.
Rhg1 Kh8 28. Ne5 1-0

[Event "Mundial Juvenil 2005 s12"]
[Site "Belfort FRA"]
[Date "2005.07.21"]
[Round "3.17"]
[White "Rahimov, Rahmatjon"]
[Black "Postolachi, Viorel"]
[Result "1-0"]
[WhiteElo "1599"]
[BlackElo "1945"]
[PlyCount "59"]
[EventDate "2005.07.19"]
[EventType "swiss"]
[EventRounds "11"]
[EventCountry "FRA"]
[Source "lmi"]
[SourceDate "2005.07.31"]

1. e4 c5 2. Nf3 d6 3. d4 cxd4 4. Nxd4 Nf6 5. Nc3 g6 6. f3 Bg7 7. Be3 Nc6 8. Qd2
O-O 9. O-O-O d5 10. Nxd5 Nxd5 11. exd5 Qxd5 12. c4 Qd6 13. Nb5 Qb8 14. Bh6 a6
15. Nc3 Bf5 16. Bxg7 Kxg7 17. g4 Be6 18. h4 Rd8 19. Nd5 b5 20. h5 Rh8 21. h6+
Kf8 22. cxb5 axb5 23. Qc3 Qe5 24. Qxc6 Rc8 25. Nc3 f6 26. Qxb5 Qf4+ 27. Kb1 Qc7
28. Be2 Qf4 29. Rhf1 Qg3 30. Rg1 1-0